• 首页
  • 本馆介绍
  • 公告通知
  • 最新文献
  • 馆藏检索
  • 电子资源
  • 读者导购
  • 参考咨询
  • 我的图书馆
  • 登录
  • 详细信息显示
  • 放入我的书架
  • 预约/预借图书
  • 作者相关作品
  • 分类相关作品
  • 丛书相关作品
  • 出版社相关作品

书目信息

  • 表格格式
  • 工作单格式
  • 卡片格式
题名:
中国民间长诗选
    
 
作者: ;上海文艺出版社 编
分册: 第一集  
出版信息: 上海   上海文艺出版社  1980
页数: 644页
开本: 21cm
丛书名: 中国民间文学作品选编
单 册:
中图分类: I276.2 , I22
科图分类:
主题词: 民歌--中国--选集 , 诗歌--中国 , 韵文--中国
电子资源:
ISBN:
000 00822oam2 2200277 450
001 1553737152
005 20150119145627.78
010    @dCNY2.15
091    @a10078.3080@dCNY2.15
100    @a20080520d1980 em y0chiy0121 ea
101 0  @achi
102    @aCN@b310000
105    @aa z 000gy
200 1  @a中国民间长诗选@9zhong guo min jian chang shi xuan@h第一集@f本社编
210    @a上海@c上海文艺出版社@d1980
215    @a644页@c图@d21cm
225 2  @a中国民间文学作品选编@9zhong guo min jian wen xue zuo pin xuan bian
461  0 @12001 @a中国民间文学作品选编
606 0  @a民歌@y中国@j选集
606 0  @a诗歌@x中国
606 0  @a韵文@x中国
690    @aI276.2@v5
690    @aI22@v4
711 02 @a上海文艺出版社@9shang hai wen yi chu ban she@4编
801  0 @aCN@bTSSF@c20150115
905    @aZUCC@dI22@eJY1:1
    
    中国民间长诗选.第一集/本社编.-上海:上海文艺出版社,1980
    644页:图;21cm.-(中国民间文学作品选编)
    
    
    ISBN :CNY2.15
    
●
相关链接 在E读中查询图书 在五车中查询图书 在当当中查询图书 在豆瓣中查询图书


正题名:中国民间长诗选     索取号:I22/JY1:1         预约/预借

序号 登录号 条形码 馆藏地/架位号 状态 备注
1 7835104   278351043   学院路分馆/ [索取号:I22/JY1:1] 在馆    
2 7835105   278351052   学院路分馆/ [索取号:I22/JY1:1] 在馆    
3 7835106   278351061   学院路分馆/ [索取号:I22/JY1:1] 在馆    
唐山师范学院图书馆 欢迎您!
大连网信软件有限公司© 版权所有